00272nam a2200097Ia 4500008004100000082001600041245008200057260000900139650000900148700001700157221030s9999 xx 000 0 und d a105.23bMCA 0aNeural Networks Fuzzy Logic, & Genetic Algorithms Synthesis & ApplicationbCD c2006 aBook aG. A. V. Pai